Statistics for FM24: Players With The Biggest Potential Ability

Click here to take the quiz!

General Stats

  • This quiz has been taken 18 times
  • The average score is 9 of 20

Answer Stats

PlacePotential AbilityClubNationalityPlayer Name% Correct
1.95%ArsenalEnglishBukayo Saka
93%
3.94%Real MadridEnglishJude Bellingham
87%
13.91%ChelseaEcuadorianMoisés Caicedo
80%
14.91%Real MadridFrenchEduardo Camavinga
73%
9.92%BarcelonaSpanishGavi
73%
8.92%BarcelonaSpanishPedri
73%
4.94%BarcelonaSpanishLamine Yamal
67%
7.93%Real MadridTurkishArda Güler
60%
5.94%Bayern MunichGermanJamal Musiala
60%
15.91%Manchester CityCroatianJoško Gvardiol
53%
16.91%PalmeirasBrazilianEndrick
47%
20.90%Paris Saint-GermainFrenchWarren Zaïre-Emery
40%
17.91%Brighton & Hove AlbionSpanishAnsu Fati
33%
18.91%BenficaUkrainianAnatoliy Trubin
20%
12.92%River PlateArgentineanClaudio Echeverri
13%
6.94%FeyenoordDutchShaqueel van Persie
13%
2.95%Tottenham HotspurEnglishMikey Moore
7%
11.92%Benfica BPortugueseJoão Rêgo
0%
10.92%LorientFrenchJunior Kroupi
0%
19.91%RosenborgNorwegianSverre Halseth Nypan
0%

Score Distribution

Percentile by Number Answered

Percent of People with Each Score

Your Score History

You have not taken this quiz